000 00363nam a2200157Ia 4500
999 _c10768
_d10768
008 191201s2011 xx 000 0 und d
082 _a336
_bLEP
100 _aLEKHI, R.K.
245 0 _aPublic Finance
250 _a12th
260 _aNew Delhi
_bKalyani
_c2021
300 _a985
650 _aBA Economics
700 _aSINGH, Joginder
942 _2ddc
_cBK
_05